000 00218nam a2200097Ia 4500
008 190216s9999||||xx |||||||||||||| ||und||
100 _aWarier P A
245 0 _aOru Prathibha Chakravarthy
260 _bNull
942 _cBK
999 _c24003
_d24003